Memorias del Primer Simposio Científico sobre Pueblos Indígenas de Costa Rica; Parte D. Biomedicina. Situación actual/

Al igual que en otros países latinoamericanos, los indígenas costarricenses se enfrentan a un proceso de aculturación e incorporación de otras culturas, lo que conlleva de forma irremediable a la pérdida de su identidad cultural y genética. Por esto los dermatoglofos han sido de mucha utilidad, pues...

Ausführliche Beschreibung

Gespeichert in:
Bibliographische Detailangaben
1. Verfasser: Barrantes, Ramiro
Weitere Verfasser: Bozzoli de Wille, María Eugenia, Gudiño Fernández, Patricia
Format: Unbekannt
Veröffentlicht: San José: Instituto Geográfico Nacional
Schlagworte:
Tags: Tag hinzufügen
Keine Tags, Fügen Sie den ersten Tag hinzu!

MARC

LEADER 00000 a2200000 04500
001 8415
003
008 991231s d
040
090 |a 130823  
100 1 |a Barrantes, Ramiro 
245 |a Memorias del Primer Simposio Científico sobre Pueblos Indígenas de Costa Rica; Parte D. Biomedicina. Situación actual/  |c Ramiro Barrantes  
260 |a San José:   |b Instituto Geográfico Nacional  
300 |a 219 p  
520 |a Al igual que en otros países latinoamericanos, los indígenas costarricenses se enfrentan a un proceso de aculturación e incorporación de otras culturas, lo que conlleva de forma irremediable a la pérdida de su identidad cultural y genética. Por esto los dermatoglofos han sido de mucha utilidad, pues ofrecen entre sus ventajas, la reconocida base genética cuantitativa, su temprana formación durante el desarrollo embrionario y el ser muy poco modificados por los factores ambientales una vez que han formado, la distribución de modelos varía de acuerdo a los grupos raciales y además de ser una técnica de investigación simple, de fácil aplicación en la cual se dispone de suficiente información de estudios similares en otros grupos de indígenas latinoamericanos. Se agrega que uno de los grupos indígenas más afectados en Costa Rica por el proceso de aculturación ha sido el Boruca y por ello se escogió la localidad de Boruca para la realización del trabajo, con la finalidad de hacer el análisis y descripción de los rasgos dermatoglíficos digitales y contribuir con ello al estudio de su estructura poblacional. LOB/LOB  
650 |a AMERINDIOS  
650 |a IDENTIDAD CULTURAL  
650 |a CONDICIONES DE VIDA  
650 |a ACULTURACION  
650 |a IDEOLOGIAS  
650 |a VALORES CULTURALES  
650 |a FACTORES CULTURALES  
700 |a   
700 |a Bozzoli de Wille, María Eugenia  
700 |a   
700 |a Gudiño Fernández, Patricia  
700 |a   
999 |c 12612  |d 12612